Reading explorer 5 / (Record no. 18252)
[ view plain ]
| 000 -LEADER | |
|---|---|
| fixed length control field | 00883cam a22002657a 4500 |
| 005 - DATE AND TIME OF LATEST TRANSACTION | |
| control field | 20180204111510.0 |
| 006 - FIXED-LENGTH DATA ELEMENTS--ADDITIONAL MATERIAL CHARACTERISTICS--GENERAL INFORMATION | |
| fixed length control field | m||||f ||z 00| 0 |
| 008 - FIXED-LENGTH DATA ELEMENTS--GENERAL INFORMATION | |
| fixed length control field | 101201t2010 at a fr 000 0 eng d |
| 020 ## - INTERNATIONAL STANDARD BOOK NUMBER | |
| International Standard Book Number | 9781111356002 |
| 020 ## - INTERNATIONAL STANDARD BOOK NUMBER | |
| International Standard Book Number | 1111356009 |
| 082 04 - DEWEY DECIMAL CLASSIFICATION NUMBER | |
| Edition number | 22 |
| Classification number | 428.43 |
| Item number | DOU |
| 100 1# - MAIN ENTRY--PERSONAL NAME | |
| 9 (RLIN) | 35961 |
| Personal name | Douglas, Nancy |
| 245 10 - TITLE STATEMENT | |
| Title | Reading explorer 5 / |
| Statement of responsibility, etc | Nancy Douglas, Helen Huntley, Bruce Rogers. |
| 260 ## - PUBLICATION, DISTRIBUTION, ETC. (IMPRINT) | |
| Place of publication, distribution, etc | [Canberra] : |
| Name of publisher, distributor, etc | Heinle Cengage Learning, |
| Date of publication, distribution, etc | c.2012. |
| 300 ## - PHYSICAL DESCRIPTION | |
| Extent | 256 p. : |
| Other physical details | ill. (col.) ; |
| Dimensions | 28 cm. + |
| Accompanying material | 1 CD-ROM. |
| 500 ## - GENERAL NOTE | |
| General note | At head of cover : National Geographic. |
| 650 #0 - SUBJECT ADDED ENTRY--TOPICAL TERM | |
| 9 (RLIN) | 13995 |
| Topical term or geographic name as entry element | Reading comprehension |
| 650 #0 - SUBJECT ADDED ENTRY--TOPICAL TERM | |
| 9 (RLIN) | 35962 |
| Topical term or geographic name as entry element | Discoveries in geography |
| 653 ## - INDEX TERM--UNCONTROLLED | |
| Resource For college | |
| Arrived date list | May2014 |
| 655 ## - INDEX TERM--GENRE/FORM | |
| Form subdivision | |
| -- | 34232 |
| 700 1# - ADDED ENTRY--PERSONAL NAME | |
| 9 (RLIN) | 35964 |
| Personal name | Huntley, Helen |
| 700 1# - ADDED ENTRY--PERSONAL NAME | |
| 9 (RLIN) | 35965 |
| Personal name | Rogers, Bruce |
| 710 2# - ADDED ENTRY--CORPORATE NAME | |
| 9 (RLIN) | 14131 |
| Corporate name or jurisdiction name as entry element | National Geographic Society (U.S.) |
| 942 ## - ADDED ENTRY ELEMENTS (KOHA) | |
| Source of classification or shelving scheme | Dewey Decimal Classification |
| Call number prefix | 428.43 DOU |
| Withdrawn status | Item status | Source of classification or shelving scheme | Damaged status | Not for loan | Vendor | Home library | Current library | Shelving location | Date acquired | Source of acquisition | Cost, normal purchase price | Serial Enumeration / chronology | Total Checkouts | Total Renewals | Full call number | Barcode | Date last seen | Date last borrowed | Cost, replacement price | Koha item type |
|---|---|---|---|---|---|---|---|---|---|---|---|---|---|---|---|---|---|---|---|---|
| Dewey Decimal Classification | ILB | Central Library | Central Library | Second Floor | 04/05/2014 | 242.00 | 4033 | 3 | 8 | 428.43 DOU | 000035945 | 15/07/2025 | 08/11/2021 | 302.50 | Book - Borrowing | |||||
| Dewey Decimal Classification | ILB | Central Library | Central Library | Second Floor | 04/05/2014 | 242.00 | 4033 | 428.43 DOU | 000035946 | 24/08/2022 | 302.50 | CD | DVD - With book |